000 01345nam a2200349Ia 4500
001 ebr10732006
003 CaPaEBR
006 m o u
007 cr cn|||||||||
008 140711s2013 dcua sb i000 0 eng d
010 _z 2013009644
020 _z9780821398838 (alk. paper)
020 _z9780821398845 (eISBN)
040 _aCaPaEBR
_cCaPaEBR
035 _a(OCoLC)830669141
050 1 4 _aRA418
_b.S65 2013eb
082 0 4 _a362.1094
_223
100 1 _aSmith, Owen,
_d1973-
245 1 0 _aGetting better
_h[electronic resource] :
_bimproving health system results in Europe and Central Asia /
_cOwen Smith and Son Nam Nguyen.
260 _aWashington DC :
_bWorld Bank,
_c2013.
300 _axviii, 192 p. :
_bill.
490 0 _aEurope and Central Asia reports
504 _aIncludes bibliographical references.
533 _aElectronic reproduction.
_bPalo Alto, Calif. :
_cebrary,
_d2014.
_nAvailable via World Wide Web.
_nAccess may be limited to ebrary affiliated libraries.
650 0 _aMedical care
_zAsia, Central.
650 0 _aMedical policy
_zEurope.
655 7 _aElectronic books.
_2local
700 1 _aNguyen, Son Nam.
710 2 _aWorld Bank.
710 2 _aebrary, Inc.
856 4 0 _uhttp://site.ebrary.com/lib/rucke/Doc?id=10732006
_zAn electronic book accessible through the World Wide Web; click to view
999 _c36281
_d36281